| 000 | 00000nam##2200000za#4500 |
| 001 | 9.700461 |
| 003 | CaOODSP |
| 005 | 20250506145324 |
| 007 | cr ||||||||||| |
| 008 | 150407|1970||||xxc|||||o f|0| 0 eng|d |
| 040 | |aCaOODSP|beng |
| 043 | |an-cn--- |
| 086 | 1 |aA53-1423/1970E-PDF |
| 110 | 1 |aCanada.|bAgriculture Canada. |
| 245 | 10|aRogues and roguing cereal crops |h[electronic resource] |
| 260 | |aOttawa - Ontario : |bAgriculture Canada |c1970. |
| 300 | |a24p.|bfigs. |
| 500 | |aContents: Protecting stored products.--Detecting problems.--Identifying the organisms.--Controlling infestations.--Further information.--Common and scientific names of major pests in stored grain.--References.--Additional reading.--Appendix. |
| 500 | |aHistorical publication digitized by Agriculture and Agri-Food Canada. |
| 590 | |a15-05-Supp|b2015-03-31 |
| 775 | 08|tÉpuration des semences de céréales sur pied |w(CaOODSP)9.644346 |
| 856 | 40|ahttp://publications.gc.ca|qPDF|s1562 KB|uhttps://publications.gc.ca/collections/collection_2015/aac-aafc/A53-1423-1970-eng.pdf |
| 986 | |aPublication 1423 |